[Event "New Zealand Championship 2023"]
[Site "Wellington"]
[Date "2023.01.07"]
[Round "6.11"]
[White "Archer, Ollie"]
[Black "Zhang, Jasmine Haomo"]
[Result "0-1"]
[WhiteElo "2151"]
[BlackElo "2117"]

1. d4 {[%clk 01:30:58] [%emt 00:00:01]} 1... d5 {[%clk 01:30:53] [%emt
00:00:07]} 2. c4 {[%clk 01:31:22] [%emt 00:00:06]} 2... e6 {[%clk 01:31:19]
[%emt 00:00:04]} 3. Nc3 {[%clk 01:31:48] [%emt 00:00:04]} 3... Be7 {[%clk
01:31:45] [%emt 00:00:04]} 4. Nf3 {[%clk 01:32:12] [%emt 00:00:05]} 4... Nf6
{[%clk 01:32:09] [%emt 00:00:07]} 5. Bf4 {[%clk 01:32:37] [%emt 00:00:05]} 5...
O-O {[%clk 01:31:21] [%emt 00:01:18]} 6. e3 {[%clk 01:32:57] [%emt 00:00:10]}
6... Nbd7 {[%clk 01:30:20] [%emt 00:01:31]} 7. c5 {[%clk 01:32:41] [%emt
00:00:46]} 7... c6 {[%clk 01:29:09] [%emt 00:01:42]} 8. Bd3 {[%clk 01:33:02]
[%emt 00:00:09]} 8... b6 {[%clk 01:28:46] [%emt 00:00:53]} 9. b4 {[%clk
01:33:24] [%emt 00:00:07]} 9... a5 {[%clk 01:28:57] [%emt 00:00:20]} 10. a3
{[%clk 01:33:48] [%emt 00:00:06]} 10... Ba6 {[%clk 01:26:10] [%emt 00:03:16]}
11. Bxa6 {[%clk 01:34:04] [%emt 00:00:14]} 11... Rxa6 {[%clk 01:26:36] [%emt
00:00:04]} 12. b5 {[%clk 01:34:28] [%emt 00:00:06]} 12... cxb5 {[%clk 01:26:41]
[%emt 00:00:25]} 13. c6 {[%clk 01:34:52] [%emt 00:00:06]} 13... Qc8 {[%clk
01:20:27] [%emt 00:06:44]} 14. c7 {[%clk 01:35:10] [%emt 00:00:11]} 14... b4
{[%clk 01:17:19] [%emt 00:03:38]} 15. Nb5 {[%clk 01:35:31] [%emt 00:00:09]}
15... Ne4 {[%clk 01:06:41] [%emt 00:11:07]} 16. O-O {[%clk 01:31:38] [%emt
00:04:23]} 16... g5 {[%clk 01:01:29] [%emt 00:05:42]} 17. Nxg5 {[%clk 01:29:33]
[%emt 00:02:35]} 17... Nxg5 {[%clk 00:59:44] [%emt 00:02:15]} 18. Bxg5 {[%clk
01:29:57] [%emt 00:00:06]} 18... Bxg5 {[%clk 00:59:43] [%emt 00:00:32]} 19. Qg4
{[%clk 01:30:21] [%emt 00:00:05]} 19... h6 {[%clk 00:59:45] [%emt 00:00:26]}
20. f4 {[%clk 01:30:18] [%emt 00:00:34]} 20... Nf6 {[%clk 00:58:08] [%emt
00:02:07]} 21. Qh3 {[%clk 01:29:41] [%emt 00:01:07]} 21... Ne4 {[%clk 00:57:43]
[%emt 00:00:55]} 22. fxg5 {[%clk 01:27:41] [%emt 00:02:31]} 22... hxg5 {[%clk
00:57:05] [%emt 00:01:09]} 23. Qh5 {[%clk 01:25:09] [%emt 00:03:01]} 23... f5
{[%clk 00:48:40] [%emt 00:08:55]} 24. g4 {[%clk 01:15:56] [%emt 00:09:43]}
24... Kg7 {[%clk 00:42:33] [%emt 00:06:36]} 25. gxf5 {[%clk 01:12:58] [%emt
00:03:29]} 25... exf5 {[%clk 00:42:56] [%emt 00:00:07]} 26. h4 {[%clk 01:06:30]
[%emt 00:06:58]} 26... Rh8 {[%clk 00:40:09] [%emt 00:03:16]} 27. Qf3 {[%clk
01:06:51] [%emt 00:00:09]} 27... Rxh4 {[%clk 00:39:45] [%emt 00:00:55]} 28.
Qxf5 {[%clk 01:07:13] [%emt 00:00:08]} 28... Rg4+ {[%clk 00:40:05] [%emt
00:00:10]} 29. Kh1 {[%clk 01:05:49] [%emt 00:01:54]} 29... Qh8+ {[%clk
00:40:25] [%emt 00:00:09]} 0-1

[Event "New Zealand Championship 2023"]
[Site "Wellington"]
[Date "2023.01.07"]
[Round "6.12"]
[White "Sole, Michael D"]
[Black "McDougall, Euan"]
[Result "1-0"]
[WhiteElo "2142"]
[BlackElo "1995"]

1. e4 {[%clk 01:30:57] [%emt 00:00:02]} 1... e5 {[%clk 01:30:54] [%emt
00:00:06]} 2. Nf3 {[%clk 01:31:21] [%emt 00:00:07]} 2... Nc6 {[%clk 01:31:19]
[%emt 00:00:05]} 3. Bb5 {[%clk 01:30:13] [%emt 00:01:37]} 3... f5 {[%clk
01:31:42] [%emt 00:00:07]} 4. d3 {[%clk 01:30:02] [%emt 00:00:42]} 4... fxe4
{[%clk 01:31:44] [%emt 00:00:27]} 5. dxe4 {[%clk 01:30:23] [%emt 00:00:09]}
5... Nf6 {[%clk 01:32:09] [%emt 00:00:05]} 6. O-O {[%clk 01:27:19] [%emt
00:03:35]} 6... d6 {[%clk 01:31:53] [%emt 00:00:45]} 7. Re1 {[%clk 01:24:28]
[%emt 00:03:21]} 7... Bg4 {[%clk 01:32:00] [%emt 00:00:23]} 8. h3 {[%clk
01:24:00] [%emt 00:00:59]} 8... Bd7 {[%clk 01:32:01] [%emt 00:00:28]} 9. a4
{[%clk 01:21:58] [%emt 00:02:33]} 9... Na5 {[%clk 01:29:24] [%emt 00:03:06]}
10. Bf1 {[%clk 01:20:32] [%emt 00:01:56]} 10... Be6 {[%clk 01:29:21] [%emt
00:00:32]} 11. b4 {[%clk 01:16:15] [%emt 00:04:46]} 11... Nc6 {[%clk 01:28:54]
[%emt 00:00:59]} 12. c3 {[%clk 01:15:27] [%emt 00:01:17]} 12... Be7 {[%clk
01:28:37] [%emt 00:00:47]} 13. Ng5 {[%clk 01:11:48] [%emt 00:04:09]} 13... Bg8
{[%clk 01:27:03] [%emt 00:02:04]} 14. Na3 {[%clk 01:07:16] [%emt 00:05:02]}
14... Qd7 {[%clk 01:25:39] [%emt 00:01:54]} 15. Bc4 {[%clk 01:05:51] [%emt
00:01:56]} 15... Bxc4 {[%clk 01:25:42] [%emt 00:00:27]} 16. Nxc4 {[%clk
01:06:18] [%emt 00:00:03]} 16... h6 {[%clk 01:25:55] [%emt 00:00:16]} 17. Nf3
{[%clk 01:06:28] [%emt 00:00:20]} 17... O-O {[%clk 01:25:55] [%emt 00:00:30]}
18. Ne3 {[%clk 01:04:55] [%emt 00:02:03]} 18... g6 {[%clk 01:19:02] [%emt
00:07:23]} 19. Nh2 {[%clk 00:46:36] [%emt 00:18:50]} 19... Kh7 {[%clk 01:07:45]
[%emt 00:11:47]} 20. b5 {[%clk 00:42:32] [%emt 00:04:34]} 20... Nd8 {[%clk
01:06:56] [%emt 00:01:19]} 21. Neg4 {[%clk 00:39:28] [%emt 00:03:34]} 21... h5
{[%clk 01:04:40] [%emt 00:02:46]} 22. Nxf6+ {[%clk 00:34:29] [%emt 00:05:29]}
22... Bxf6 {[%clk 01:04:18] [%emt 00:00:53]} 23. Nf3 {[%clk 00:34:08] [%emt
00:00:51]} 23... Ne6 {[%clk 01:03:32] [%emt 00:01:15]} 24. Be3 {[%clk 00:32:18]
[%emt 00:02:21]} 24... Rf7 {[%clk 01:01:50] [%emt 00:02:13]} 25. Qb3 {[%clk
00:31:36] [%emt 00:01:12]} 25... Raf8 {[%clk 00:58:53] [%emt 00:03:26]} 26.
Rad1 {[%clk 00:30:53] [%emt 00:01:13]} 26... Nf4 {[%clk 00:57:46] [%emt
00:01:37]} 27. Bxf4 {[%clk 00:30:38] [%emt 00:00:45]} 27... exf4 {[%clk
00:58:05] [%emt 00:00:11]} 28. e5 {[%clk 00:30:35] [%emt 00:00:34]} 28... g5
{[%clk 00:55:57] [%emt 00:02:38]} 29. exf6 {[%clk 00:29:27] [%emt 00:01:38]}
29... Rxf6 {[%clk 00:55:50] [%emt 00:00:37]} 30. Nxg5+ {[%clk 00:29:28] [%emt
00:00:29]} 30... Kh6 {[%clk 00:56:11] [%emt 00:00:09]} 31. Nf3 {[%clk 00:27:56]
[%emt 00:02:02]} 31... R8f7 {[%clk 00:53:42] [%emt 00:03:00]} 32. Ne5 {[%clk
00:27:18] [%emt 00:01:50]} 1-0

[Event "New Zealand Championship 2023"]
[Site "Wellington"]
[Date "2023.01.07"]
[Round "6.13"]
[White "Young, Cohen"]
[Black "Braganza, Nadia"]
[Result "0-1"]
[WhiteElo "1994"]
[BlackElo "1838"]

1. e4 {[%clk 01:30:59]} 1... c5 {[%clk 01:30:52] [%emt 00:00:08]} 2. Nf3 {[%clk
01:31:25] [%emt 00:00:04]} 2... Nc6 {[%clk 01:31:18] [%emt 00:00:05]} 3. d4
{[%clk 01:31:42] [%emt 00:00:13]} 3... cxd4 {[%clk 01:31:43] [%emt 00:00:04]}
4. Nxd4 {[%clk 01:32:08] [%emt 00:00:04]} 4... g6 {[%clk 01:32:08] [%emt
00:00:04]} 5. c4 {[%clk 01:32:34] [%emt 00:00:05]} 5... Bg7 {[%clk 01:32:29]
[%emt 00:00:09]} 6. Be3 {[%clk 01:32:51] [%emt 00:00:13]} 6... Nf6 {[%clk
01:32:35] [%emt 00:00:24]} 7. Nc3 {[%clk 01:33:04] [%emt 00:00:16]} 7... O-O
{[%clk 01:32:53] [%emt 00:00:13]} 8. Be2 {[%clk 01:32:54] [%emt 00:00:39]} 8...
d6 {[%clk 01:33:04] [%emt 00:00:19]} 9. O-O {[%clk 01:33:02] [%emt 00:00:22]}
9... Bd7 {[%clk 01:33:18] [%emt 00:00:16]} 10. Rc1 {[%clk 01:32:59] [%emt
00:00:32]} 10... Nxd4 {[%clk 01:28:59] [%emt 00:04:49]} 11. Bxd4 {[%clk
01:33:27] [%emt 00:00:03]} 11... Bc6 {[%clk 01:29:14] [%emt 00:00:15]} 12. f4
{[%clk 01:27:58] [%emt 00:05:59]} 12... e5 {[%clk 01:09:04] [%emt 00:20:40]}
13. fxe5 {[%clk 01:28:01] [%emt 00:00:26]} 13... dxe5 {[%clk 01:09:29] [%emt
00:00:05]} 14. Bc5 {[%clk 01:26:39] [%emt 00:01:52]} 14... Re8 {[%clk 01:09:15]
[%emt 00:00:44]} 15. Qc2 {[%clk 01:25:48] [%emt 00:01:20]} 15... b6 {[%clk
01:02:53] [%emt 00:06:53]} 16. Be3 {[%clk 01:25:34] [%emt 00:00:44]} 16... Rc8
{[%clk 00:52:14] [%emt 00:11:09]} 17. b4 {[%clk 01:23:13] [%emt 00:02:50]}
17... h6 {[%clk 00:44:05] [%emt 00:08:39]} 18. a4 {[%clk 01:18:26] [%emt
00:05:18]} 18... Bb7 {[%clk 00:35:30] [%emt 00:09:04]} 19. Qb1 {[%clk 01:11:03]
[%emt 00:07:53]} 19... Bf8 {[%clk 00:28:16] [%emt 00:07:44]} 20. Rfd1 {[%clk
00:38:14] [%emt 00:33:20]} 20... Qc7 {[%clk 00:25:18] [%emt 00:03:28]} 21. Nb5
{[%clk 00:35:41] [%emt 00:03:02]} 21... Qb8 {[%clk 00:24:47] [%emt 00:01:00]}
22. Bf3 {[%clk 00:34:20] [%emt 00:01:51]} 22... a6 {[%clk 00:21:54] [%emt
00:03:24]} 23. Na3 {[%clk 00:26:53] [%emt 00:07:57]} 23... a5 {[%clk 00:20:25]
[%emt 00:02:00]} 24. bxa5 {[%clk 00:19:54] [%emt 00:07:29]} 24... Bxa3 {[%clk
00:20:21] [%emt 00:00:33]} 25. Rc3 {[%clk 00:20:19] [%emt 00:00:05]} 25... Bc5
{[%clk 00:16:38] [%emt 00:04:13]} 26. Bxc5 {[%clk 00:20:39] [%emt 00:00:11]}
26... Rxc5 {[%clk 00:17:00] [%emt 00:00:08]} 27. axb6 {[%clk 00:19:59] [%emt
00:01:10]} 27... Rec8 {[%clk 00:14:20] [%emt 00:03:09]} 28. Rdc1 {[%clk
00:14:59] [%emt 00:05:30]} 28... Qa8 {[%clk 00:13:50] [%emt 00:01:01]} 29. Qb4
{[%clk 00:13:52] [%emt 00:01:36]} 29... Nxe4 {[%clk 00:08:20] [%emt 00:06:00]}
30. Ra3 {[%clk 00:13:58] [%emt 00:00:25]} 30... Nd6 {[%clk 00:07:59] [%emt
00:00:51]} 31. Bxb7 {[%clk 00:13:48] [%emt 00:00:41]} 31... Qxb7 {[%clk
00:08:01] [%emt 00:00:27]} 32. a5 {[%clk 00:09:03] [%emt 00:05:15]} 32... Rxc4
{[%clk 00:06:55] [%emt 00:01:36]} 33. Rxc4 {[%clk 00:09:27] [%emt 00:00:06]}
33... Nxc4 {[%clk 00:07:20] [%emt 00:00:05]} 34. Rc3 {[%clk 00:08:05] [%emt
00:01:52]} 34... Qe4 {[%clk 00:04:34] [%emt 00:03:16]} 35. h3 {[%clk 00:08:09]
[%emt 00:00:25]} 35... Qd4+ {[%clk 00:03:37] [%emt 00:01:27]} 36. Kh1 {[%clk
00:06:50] [%emt 00:01:49]} 36... Nxb6 {[%clk 00:03:15] [%emt 00:00:53]} 37.
Rxc8+ {[%clk 00:05:32] [%emt 00:01:49]} 37... Nxc8 {[%clk 00:03:41] [%emt
00:00:03]} 38. Qb7 {[%clk 00:05:15] [%emt 00:00:46]} 38... Qc5 {[%clk 00:02:08]
[%emt 00:02:04]} 39. Qb8 {[%clk 00:04:35] [%emt 00:01:10]} 39... Kg7 {[%clk
00:02:24] [%emt 00:00:14]} 40. a6 {[%clk 00:34:49] [%emt 00:00:16]} 40... Na7
{[%clk 00:32:34] [%emt 00:00:20]} 41. Kh2 {[%clk 00:34:56] [%emt 00:00:23]}
41... Qd4 {[%clk 00:32:44] [%emt 00:00:20]} 0-1

[Event "New Zealand Championship 2023"]
[Site "Wellington"]
[Date "2023.01.07"]
[Round "6.14"]
[White "Thomas, Ben"]
[Black "Tanoi, T Edward"]
[Result "1-0"]
[WhiteElo "2200"]
[BlackElo "1993"]

1. e4 {[%clk 01:30:56] [%emt 00:00:03]} 1... c5 {[%clk 01:30:52] [%emt
00:00:08]} 2. Nf3 {[%clk 01:31:18] [%emt 00:00:08]} 2... Nc6 {[%clk 01:31:09]
[%emt 00:00:14]} 3. Bb5 {[%clk 01:31:42] [%emt 00:00:06]} 3... g6 {[%clk
01:31:27] [%emt 00:00:11]} 4. O-O {[%clk 01:32:01] [%emt 00:00:11]} 4... Bg7
{[%clk 01:31:33] [%emt 00:00:24]} 5. c3 {[%clk 01:32:11] [%emt 00:00:20]} 5...
d6 {[%clk 01:31:19] [%emt 00:00:44]} 6. h3 {[%clk 01:32:28] [%emt 00:00:13]}
6... Bd7 {[%clk 01:30:59] [%emt 00:00:50]} 7. d4 {[%clk 01:31:44] [%emt
00:01:15]} 7... cxd4 {[%clk 01:31:06] [%emt 00:00:23]} 8. cxd4 {[%clk 01:32:04]
[%emt 00:00:10]} 8... e6 {[%clk 01:30:44] [%emt 00:00:52]} 9. Nc3 {[%clk
01:24:19] [%emt 00:08:15]} 9... a6 {[%clk 01:29:33] [%emt 00:01:41]} 10. Bxc6
{[%clk 01:24:31] [%emt 00:00:17]} 10... bxc6 {[%clk 01:29:40] [%emt 00:00:23]}
11. d5 {[%clk 01:24:44] [%emt 00:00:18]} 11... cxd5 {[%clk 01:29:55] [%emt
00:00:14]} 12. exd5 {[%clk 01:25:04] [%emt 00:00:10]} 12... e5 {[%clk 01:30:04]
[%emt 00:00:21]} 13. Re1 {[%clk 01:23:51] [%emt 00:01:43]} 13... Ne7 {[%clk
01:28:18] [%emt 00:02:16]} 14. Ne4 {[%clk 01:23:45] [%emt 00:00:36]} 14... Nc8
{[%clk 01:22:30] [%emt 00:06:18]} 15. Be3 {[%clk 01:17:11] [%emt 00:07:04]}
15... h6 {[%clk 01:20:23] [%emt 00:02:37]} 16. Rc1 {[%clk 01:16:39] [%emt
00:01:02]} 16... O-O {[%clk 01:19:07] [%emt 00:01:46]} 17. Ned2 {[%clk
01:14:50] [%emt 00:02:20]} 17... f5 {[%clk 01:11:36] [%emt 00:08:01]} 18. Nc4
{[%emt 00:00:17]} 18... Bb5 {[%clk 01:11:59] [%emt 00:00:05]} 19. b3 {[%clk
01:14:58] [%emt 00:00:45]} 19... g5 {[%clk 01:03:15] [%emt 00:09:05]} 20. a4
{[%clk 01:11:09] [%emt 00:04:19]} 20... Be8 {[%clk 01:03:35] [%emt 00:00:10]}
21. Bd2 {[%clk 01:11:04] [%emt 00:00:35]} 21... Bh5 {[%clk 00:49:53] [%emt
00:14:12]} 22. Bc3 {[%clk 01:11:13] [%emt 00:00:22]} 22... g4 {[%clk 00:46:58]
[%emt 00:03:25]} 23. Nh2 {[%clk 01:10:29] [%emt 00:01:13]} 23... Qh4 {[%clk
00:45:25] [%emt 00:02:04]} 24. hxg4 {[%clk 01:10:50] [%emt 00:00:08]} 24...
fxg4 {[%clk 00:40:38] [%emt 00:05:17]} 25. g3 {[%clk 01:11:04] [%emt 00:00:16]}
25... Qh3 {[%clk 00:33:40] [%emt 00:07:28]} 26. Qe2 {[%clk 01:04:16] [%emt
00:07:17]} 26... Ra7 {[%clk 00:30:12] [%emt 00:03:59]} 27. Qf1 {[%clk 00:59:23]
[%emt 00:05:22]} 27... Raf7 {[%clk 00:30:36] [%emt 00:00:07]} 28. Qxh3 {[%clk
00:59:44] [%emt 00:00:09]} 28... gxh3 {[%clk 00:30:59] [%emt 00:00:06]} 29. Rc2
{[%clk 00:57:36] [%emt 00:02:39]} 29... Bg6 {[%clk 00:30:46] [%emt 00:00:43]}
30. Rd2 {[%clk 00:52:58] [%emt 00:05:08]} 30... h5 {[%clk 00:31:07] [%emt
00:00:09]} 31. Nf1 {[%clk 00:52:38] [%emt 00:00:50]} 31... Bh6 {[%clk 00:28:59]
[%emt 00:02:39]} 32. Nfe3 {[%clk 00:52:13] [%emt 00:00:54]} 32... Be4 {[%clk
00:28:22] [%emt 00:01:10]} 33. Ra2 {[%clk 00:49:12] [%emt 00:03:28]} 33... h4
{[%clk 00:25:36] [%emt 00:03:17]} 34. Ng4 {[%clk 00:49:24] [%emt 00:00:18]}
34... h2+ {[%clk 00:24:46] [%emt 00:01:20]} 35. Kxh2 {[%clk 00:49:19] [%emt
00:00:34]} 35... hxg3+ {[%clk 00:22:47] [%emt 00:02:29]} 36. fxg3 {[%clk
00:49:07] [%emt 00:00:42]} 36... Rh7 {[%clk 00:22:52] [%emt 00:00:25]} 37. Rxe4
{[%clk 00:46:27] [%emt 00:03:09]} 37... Bd2+ {[%clk 00:23:17] [%emt 00:00:07]}
38. Kg2 {[%clk 00:46:47] [%emt 00:00:10]} 38... Bxc3 {[%clk 00:23:37] [%emt
00:00:10]} 39. Rf2 {[%clk 00:44:10] [%emt 00:03:07]} 39... Rxf2+ {[%clk
00:21:36] [%emt 00:02:32]} 40. Kxf2 {[%clk 01:14:23] [%emt 00:00:16]} 40... Rb7
{[%clk 00:51:25] [%emt 00:00:41]} 41. Kf3 {[%clk 01:13:30] [%emt 00:01:23]}
41... a5 {[%clk 00:48:47] [%emt 00:03:08]} 42. Nh6+ {[%clk 01:12:08] [%emt
00:01:52]} 42... Kh7 {[%clk 00:46:02] [%emt 00:03:16]} 43. Nf5 {[%clk 01:12:12]
[%emt 00:00:25]} 43... Rf7 {[%clk 00:45:55] [%emt 00:00:37]} 44. Kg4 {[%clk
01:09:31] [%emt 00:03:11]} 44... Bb4 {[%clk 00:46:03] [%emt 00:00:22]} 45. Kg5
{[%clk 01:09:10] [%emt 00:00:51]} 45... Rd7 {[%clk 00:41:47] [%emt 00:04:46]}
46. Kf6 {[%clk 01:07:41] [%emt 00:01:59]} 46... Rd8 {[%clk 00:39:59] [%emt
00:02:16]} 47. Ke6 {[%clk 01:05:30] [%emt 00:02:42]} 47... Kg6 {[%clk 00:40:03]
[%emt 00:00:27]} 48. Rg4+ {[%clk 00:59:04] [%emt 00:06:56]} 48... Kh5 {[%clk
00:39:55] [%emt 00:00:36]} 49. Rg7 {[%clk 00:57:39] [%emt 00:01:56]} 49... Re8+
{[%clk 00:38:35] [%emt 00:01:51]} 50. Kd7 {[%clk 00:57:10] [%emt 00:00:58]} 1-0

[Event "New Zealand Championship 2023"]
[Site "Wellington"]
[Date "2023.01.07"]
[Round "6.15"]
[White "Yu, Zachary"]
[Black "Cummings, Nick"]
[Result "1-0"]
[WhiteElo "1885"]
[BlackElo "2153"]

1. d4 {[%clk 01:30:58] [%emt 00:00:01]} 1... d5 {[%clk 01:30:54] [%emt
00:00:06]} 2. c4 {[%clk 01:31:25] [%emt 00:00:03]} 2... dxc4 {[%clk 01:31:08]
[%emt 00:00:16]} 3. Nf3 {[%clk 01:31:51] [%emt 00:00:04]} 3... Nf6 {[%clk
01:31:30] [%emt 00:00:08]} 4. e3 {[%clk 01:32:16] [%emt 00:00:05]} 4... Bg4
{[%clk 01:31:23] [%emt 00:00:37]} 5. h3 {[%clk 01:32:31] [%emt 00:00:15]} 5...
Bh5 {[%clk 01:31:37] [%emt 00:00:15]} 6. Bxc4 {[%clk 01:32:52] [%emt 00:00:10]}
6... e6 {[%clk 01:31:45] [%emt 00:00:22]} 7. O-O {[%clk 01:32:00] [%emt
00:01:21]} 7... Bd6 {[%clk 01:31:13] [%emt 00:01:02]} 8. b3 {[%clk 01:29:07]
[%emt 00:03:24]} 8... O-O {[%clk 01:29:52] [%emt 00:01:51]} 9. Bb2 {[%clk
01:29:29] [%emt 00:00:08]} 9... a6 {[%clk 01:28:36] [%emt 00:01:46]} 10. Nbd2
{[%clk 01:29:52] [%emt 00:00:07]} 10... Qe7 {[%clk 01:19:34] [%emt 00:09:32]}
11. Be2 {[%clk 01:22:02] [%emt 00:08:20]} 11... Nbd7 {[%clk 01:18:31] [%emt
00:01:31]} 12. Nc4 {[%clk 01:16:46] [%emt 00:05:48]} 12... Rfc8 {[%clk
01:12:50] [%emt 00:06:11]} 13. Rc1 {[%clk 01:06:16] [%emt 00:10:59]} 13... Qd8
{[%clk 01:11:55] [%emt 00:01:24]} 14. Bd3 {[%clk 00:51:12] [%emt 00:15:35]}
14... Be7 {[%clk 01:04:08] [%emt 00:08:16]} 15. Qe2 {[%clk 00:45:15] [%emt
00:06:28]} 15... c5 {[%clk 00:54:39] [%emt 00:09:59]} 16. Rfd1 {[%clk 00:42:51]
[%emt 00:02:54]} 16... b5 {[%clk 00:50:26] [%emt 00:04:44]} 17. Ncd2 {[%clk
00:38:07] [%emt 00:05:14]} 17... cxd4 {[%clk 00:47:41] [%emt 00:03:15]} 18.
Bxd4 {[%clk 00:36:54] [%emt 00:01:43]} 18... Ba3 {[%clk 00:47:37] [%emt
00:00:33]} 19. Rxc8 {[%clk 00:29:42] [%emt 00:07:43]} 19... Rxc8 {[%clk
00:48:06] [%emt 00:00:01]} 20. Ne4 {[%clk 00:28:05] [%emt 00:02:07]} 20... Nxe4
{[%clk 00:42:38] [%emt 00:05:59]} 21. Bxe4 {[%clk 00:28:25] [%emt 00:00:09]}
21... Qc7 {[%clk 00:41:21] [%emt 00:01:45]} 22. Rd2 {[%clk 00:22:30] [%emt
00:06:27]} 22... f5 {[%clk 00:33:33] [%emt 00:08:18]} 23. Bd3 {[%clk 00:17:36]
[%emt 00:05:24]} 23... Re8 {[%clk 00:19:57] [%emt 00:14:06]} 24. e4 {[%clk
00:08:17] [%emt 00:09:50]} 24... e5 {[%clk 00:19:46] [%emt 00:00:40]} 25. Ba1
{[%clk 00:07:09] [%emt 00:01:38]} 25... f4 {[%clk 00:18:11] [%emt 00:02:04]}
26. Rc2 {[%clk 00:05:11] [%emt 00:02:29]} 26... Qd6 {[%clk 00:13:14] [%emt
00:05:27]} 27. Rd2 {[%clk 00:01:58] [%emt 00:03:43]} 27... Bb4 {[%clk 00:10:53]
[%emt 00:02:51]} 28. Bc4+ {[%clk 00:02:21] [%emt 00:00:07]} 1-0

[Event "New Zealand Championship 2023"]
[Site "Wellington"]
[Date "2023.01.07"]
[Round "6.16"]
[White "Ha, Timothy Huy Minh"]
[Black "Ning, Isabelle Yixuan"]
[Result "0-1"]
[WhiteElo "1812"]
[BlackElo "2109"]

1. e4 c5 2. Nf3 d6 3. Bb5+ Nd7 4. c3 a6 5. Ba4 Nf6 6. Qe2 g6 7. d4 cxd4 8. cxd4
Bg7 9. O-O b5 10. Bc2 e6 11. Bd2 O-O 12. a4 bxa4 13. Bxa4 Bb7 14. Bc2 Qb6 15.
Bc3 Bc6 16. Nbd2 Nh5 17. Nc4 Qb8 18. g3 d5 19. Na5 Bb5 20. Bd3 dxe4 21. Qxe4
Ndf6 22. Qe2 Nd5 23. Bxb5 axb5 24. Nc6 Qb7 25. Nb4 Nhf6 26. Ne5 Ra4 27. Ned3
Nd7 28. Nxd5 Qxd5 29. Nb4 Qb7 30. Rxa4 bxa4 31. Qa6 Qxa6 32. Nxa6 Nb6 33. Ra1
Rd8 34. Nc5 Ra8 35. Kf1 Kf8 36. Ke2 Ke7 37. Kd3 Kd6 38. b3 a3 39. Nb7+ Kc7 40.
Na5 Bf8 41. Ra2 Nd5 42. Bd2 Bb4 43. Nc4 Kc6 44. Ra1 Kb5 45. Kc2 Bxd2 46. Nxd2
Nb4+ 47. Kc3 Nd5+ 48. Kc2 Kb4 49. Nc4 a2 50. Kb2 Nc3 51. Ne3 Rc8 52. Nc2+ Kb5
53. Na3+ Kb4 54. Nc2+ Kb5 55. Na3+ Ka5 56. Rc1 Na4+ 57. bxa4 Rxc1 58. Kxa2 Kxa4
59. Kb2 Rf1 60. Nc4 Kb4 61. Ne5 Rxf2+ 62. Kc1 Kc3 63. Kd1 Kxd4 64. Ng4 Ra2 65.
Ke1 e5 66. Nf2 Rxf2 0-1

[Event "New Zealand Championship 2023"]
[Site "Wellington"]
[Date "2023.01.07"]
[Round "6.17"]
[White "Mao, Daqi"]
[Black "Masters, Andrew D"]
[Result "1/2-1/2"]
[WhiteElo "2085"]
[BlackElo "1946"]

1. d4 d5 2. c4 dxc4 3. e3 a6 4. Bxc4 Nf6 5. Nf3 e6 6. a4 c5 7. O-O Nc6 8. dxc5
Bxc5 9. Qxd8+ Kxd8 10. Nc3 Ke7 11. e4 Nd4 12. Nxd4 Bxd4 13. Ne2 Rd8 14. Ng3 Ng4
15. Be2 Ne5 16. Rb1 Bd7 17. b3 b5 18. Rd1 Bc6 19. axb5 Bxb5 20. Bxb5 axb5 21.
Bd2 Ra2 22. Be1 Ng4 23. Nh1 Ne5 24. Ng3 Ng4 25. Nh1 Kf6 26. h3 Ne5 27. Ng3 Rc2
28. Nf1 Nc6 29. Nd2 Bc3 30. Nf3 Bxe1 31. Rxe1 e5 32. Red1 Nd4 33. Nxd4 Rxd4 34.
f3 Rxd1+ 1/2-1/2

[Event "New Zealand Championship 2023"]
[Site "Wellington"]
[Date "2023.01.07"]
[Round "6.18"]
[White "Qin, Oscar Shu Xuan"]
[Black "Liu, William Rui"]
[Result "0-1"]
[WhiteElo "1964"]
[BlackElo "1908"]

1. e4 c5 2. Nf3 Nc6 3. d4 cxd4 4. Nxd4 g6 5. c4 Bg7 6. Be3 Nf6 7. Nc3 d6 8. Be2
O-O 9. O-O Bd7 10. Nc2 Rc8 11. Rc1 Ne5 12. b3 Bc6 13. f3 Ned7 14. Qd2 Nb6 15.
Rfd1 Nfd7 16. Nd4 a5 17. Nd5 Bxd5 18. exd5 a4 19. f4 axb3 20. axb3 Nc5 21. Rb1
Qd7 22. Bd3 Qg4 23. Bc2 Ra8 24. h3 Qd7 25. Qb4 Qd8 26. Rf1 Ra2 27. Rf2 Nbd7 28.
Qe1 Nf6 29. b4 Ncd7 30. g4 Nb6 31. Bd3 Rxf2 32. Bxf2 Qd7 33. f5 Rc8 34. Qe2 Ne8
35. Nb5 Qd8 36. fxg6 hxg6 37. Rc1 Nxd5 38. Qf3 Nxb4 39. Be4 Nc6 40. Na7 Nxa7
41. Bxb7 Rc5 42. Bxc5 dxc5 43. Qa3 Qb6 44. Be4 Qd6 45. Kh1 Qd2 46. Rf1 Qc3 47.
Qxc3 Bxc3 48. Rb1 Nd6 49. Ba8 Kg7 50. Kg2 Nxc4 51. Rb7 Nc8 52. Rc7 N8b6 53. Be4
Bd4 54. Rxe7 Kf6 55. Rb7 Na4 56. Ra7 Nc3 57. Bd3 Ne5 58. Bc2 Kg5 59. Kg3 Ne2+
60. Kg2 Nf4+ 61. Kg3 Ne2+ 62. Kg2 Kh4 63. Be4 Nf4+ 64. Kh2 Nxh3 65. Ra3 Nxg4+
66. Kg2 Ne3+ 67. Kh2 Be5+ 68. Kh1 Nf2+ 69. Kg1 Nxe4 70. Kh1 Ng4 71. Kg2 c4 72.
Ra4 Nd6 73. Kf3 f5 74. Ra7 c3 75. Rh7+ Kg5 76. Rc7 Ne4 77. Rc8 Bd4 78. Rc7 Ne3
79. Rd7 c2 80. Rc7 Nc3 0-1